[Event "Wch U20"]
[Site "Halle"]
[Date "1995.??.??"]
[Round "7"]
[White "Van de Mortel, Jan"]
[Black "Hagesaether, Paal Vegard"]
[Result "1/2-1/2"]
[WhiteElo "2340"]
[BlackElo "2155"]

1.d4 Nf6 2.Nf3 g6 3.c4 Bg7 4.Nc3 O-O 5.e4 d6 6.Be2 e5 7.O-O Nbd7 8.Qc2 c6
9.Rd1 Qe7 10.d5 c5 11.Rb1 Nh5 12.g3 f5 13.Ng5 Ndf6 14.b4 cxb4 15.Rxb4 b6
16.Ne6 Bxe6 17.dxe6 fxe4 18.Nd5 Nxd5 19.cxd5 Rac8 20.Rc4 Rxc4 21.Qxc4 Nf6
22.Qc6 Rd8 23.a4 Ne8 24.h4 Bf6 25.Qc4 Ng7 26.Qxe4 Nf5 27.h5 Nd4 28.hxg6 Nxe2+
29.Qxe2 hxg6 30.Qc2 Kg7 31.Ba3 Qb7 32.Rc1 Qxd5 33.Qc7+ Kh6 34.Rc4 e4 35.Bc1+ g5
36.Qf7 Qd1+ 37.Kh2 Qh5+ 38.Qxh5+ Kxh5 39.Rxe4 d5 40.Re1 Kg6 41.Kh3 Kf5 42.g4+ Kg6
43.Ba3 Re8 44.Kg3 a6 45.e7 Kf7 46.Rb1 Rb8 47.Rd1 Bxe7 48.Bxe7 Kxe7 49.Rxd5 Kf6
50.Rd6+ Kg7 51.f3 b5 52.a5 b4 53.Rb6 Rc8 54.Rxa6 b3 55.Rb6 Ra8 56.Rxb3 Rxa5
57.Kf2 Ra6 58.Ke3 Kg6 59.Rd3 Re6+ 60.Kd4 Rf6 61.Ke5 Rf4 62.Rc3 Kg7 63.Ke6 Kg6
64.Ra3 Rf6+ 65.Ke7 Rf7+ 66.Ke8 Rf4 67.Ra6+ Kg7 68.Ra5 Kg6 69.Ra6+  1/2-1/2

[Event "Wch U20"]
[Site "Halle"]
[Date "1995.??.??"]
[Round "7"]
[White "Hausrath, Daniel"]
[Black "Krstevski, Sasko"]
[Result "1-0"]
[WhiteElo "2370"]
[BlackElo "2220"]

1.Nf3 Nf6 2.c4 g6 3.Nc3 Bg7 4.e4 d6 5.d4 O-O 6.Be2 e5 7.d5 a5 8.h3 Na6 9.Bg5 h6
10.Be3 Nc5 11.Nd2 Ne8 12.g4 f5 13.exf5 gxf5 14.Rg1 Kh8 15.g5 hxg5 16.Bxg5 Bf6
17.Bf1 Ng7 18.h4 Bd7 19.Nb3 Nxb3 20.axb3 Qe7 21.Be2 Be8 22.Qd2 Nh5 23.O-O-O Rg8
24.Bxf6+ Qxf6 25.Rxg8+ Kxg8 26.Rg1+ Kh7 27.Bxh5 Bxh5 28.Rg5 Bf7 29.Qd3 Bg6
30.Nb5 f4 31.Qh3 Qe7 32.Qg4 Rg8 33.h5 Bf7 34.Rxg8 Bxg8 35.Qg6+ Kh8 36.h6 Bh7
37.Qg4 Qf8 38.Qg5 e4 39.Kd2 e3+ 40.fxe3 f3 41.Qf4 Qxf4 42.exf4 Bc2 43.Nd4 f2
44.Ke2 Bd3+ 45.Kxf2 Kh7 46.Ke3 Bb1 47.Nb5  1-0

[Event "Wch U20"]
[Site "Halle"]
[Date "1995.??.??"]
[Round "7"]
[White "Hellsten, Johan"]
[Black "Vescovi, Giovanni"]
[Result "0-1"]
[WhiteElo "2430"]
[BlackElo "2465"]

1.d4 Nf6 2.c4 g6 3.Nc3 Bg7 4.e4 d6 5.Nf3 O-O 6.Be2 e5 7.d5 a5 8.Bg5 h6 9.Bh4 Na6
10.O-O Qe8 11.Nd2 Nh7 12.a3 Bd7 13.Kh1 Bf6 14.Bxf6 Nxf6 15.f4 exf4 16.Rxf4 Qe7
17.Qg1 Be8 18.Qd4 Nd7 19.b4 Rb8 20.Rb1 axb4 21.axb4 Ne5 22.Qe3 Bd7 23.Rff1 Kg7
24.Nb5 f5 25.exf5 Bxf5 26.Nd4 Bxb1 27.Ne6+ Kh7 28.Nxf8+ Rxf8 29.Rxb1 Qf6
30.c5 Qf2 31.Qxf2 Rxf2 32.Bxa6 bxa6 33.Nf3 Nxf3 34.gxf3 Rxf3 35.c6 Kg7 36.Ra1 Kf6
37.Rxa6 Ke5 38.Ra7 Rf7 39.Ra5 Kd4 40.Kg2 Kc4 41.Ra8 Kxd5 42.b5 Kc5 43.Rd8 Kxb5
44.Rd7 Rf6 45.Rxc7 d5 46.Rh7 Kxc6 47.Rxh6 d4 48.Rh8 d3 49.Rd8 Rd6 50.Rc8+ Kb5
51.Rb8+ Kc4 52.Rc8+ Kb3 53.Rb8+ Kc2 54.Rc8+ Kd1 55.Kf2 d2 56.Rc7 Rf6+ 57.Kg2 Rf5  0-1

[Event "Wch U20"]
[Site "Halle"]
[Date "1995.??.??"]
[Round "8"]
[White "Gabriel, Christian"]
[Black "Iordachescu, Viorel"]
[Result "1-0"]
[WhiteElo "2475"]
[BlackElo "2435"]

1.d4 Nf6 2.c4 d6 3.Nf3 g6 4.Nc3 Bg7 5.e4 O-O 6.Be2 e5 7.d5 a5 8.h3 Na6 9.Bg5 h6
10.Be3 c6 11.Nd2 Bd7 12.a3 Rc8 13.O-O Ne8 14.dxc6 bxc6 15.c5 Nxc5 16.Bxc5 dxc5
17.Nb3 Qe7 18.Na4 Rd8 19.Qc2 c4 20.Bxc4 Qg5 21.Qc1 Qh4 22.Nac5 a4 23.Na5 Nd6
24.Qe3 Qe7 25.Rfd1 Nxc4 26.Nxc4 Be6 27.Nb6 Rd4 28.Nbxa4 Bc4 29.b4 Rfd8 30.Nb2 Bf6
31.Qe1 Be6 32.Rxd4 exd4 33.Nbd3 Bc4 34.Rc1 Be6 35.a4 Ra8 36.a5 Bg5 37.f4 Bh4
38.Qe2 g5 39.Nxe6 Qxe6 40.f5 Qb3 41.Qc2 Qa3 42.e5 c5 43.bxc5 Bg3 44.c6 Qxa5
45.Qe2 Rc8 46.h4 Qb5 47.Qe4 gxh4 48.f6 Kh8 49.e6 fxe6 50.Qxe6 Ra8 51.c7 Bxc7
52.Qe7 Qg5 53.Rxc7 Ra1+ 54.Ne1 Qe3+ 55.Qxe3 dxe3 56.Rc8+ Kh7 57.f7 Rxe1+
58.Kh2 e2 59.f8=Q  1-0

[Event "Wch U20 Girls"]
[Site "Halle"]
[Date "1995.??.??"]
[Round "8"]
[White "Sheldon, Ruth"]
[Black "Bobrowska, Monika"]
[Result "0-1"]
[WhiteElo "2185"]
[BlackElo "2310"]

1.d4 Nf6 2.c4 g6 3.Nc3 Bg7 4.e4 d6 5.Be2 O-O 6.Nf3 e5 7.d5 a5 8.Be3 Ne8 9.Nd2 f5
10.exf5 gxf5 11.f4 c6 12.dxc6 bxc6 13.Nf3 Nd7 14.Ng5 exf4 15.Bxf4 Nc5 16.Qd2 Rb8
17.Rb1 h6 18.Nh3 Qh4+ 19.Bg3 Bxc3 20.Qxc3 Qe4 21.Rd1 Na4 22.Qf3 Rxb2 23.Bxd6 Nc3
24.Nf4 Qxf3 25.Bxf3 Nxd6 26.Rxd6 Re8+  0-1

[Event "Wch U20 Girls"]
[Site "Halle"]
[Date "1995.??.??"]
[Round "9"]
[White "Bobrowska, Monika"]
[Black "Grosar, Kiti"]
[Result "1-0"]
[WhiteElo "2310"]
[BlackElo "2225"]

1.d4 Nf6 2.c4 g6 3.Nc3 Bg7 4.e4 d6 5.Be2 O-O 6.Nf3 e5 7.d5 a5 8.Bg5 h6 9.Bh4 Na6
10.Nd2 Qe8 11.O-O Nh7 12.a3 h5 13.f3 Bd7 14.Nb5 Bh6 15.Be1 Bxb5 16.cxb5 Nc5
17.Nc4 b6 18.b4 axb4 19.Bxb4 Na4 20.Qc2 Qd8 21.Bd1 f5 22.Qe2 fxe4 23.Bxa4 Rxa4
24.Qc2 Ra8 25.Qxe4 Qe8 26.Bd2 Bxd2 27.Nxd2 Rf4 28.Qc2 Qxb5 29.g3 Rd4 30.Qxg6+ Kh8
31.Ne4 Qxd5 32.Rac1 c5 33.Qxh5 Rf8 34.Rb1 c4 35.Qh6 Rb8 36.Ng5 Qg8 37.f4 exf4
38.Ne6 Re4 39.Nxf4 Qg7 40.Qxd6 Qd4+ 41.Qxd4+ Rxd4 42.h4 Re4 43.Nd5 Rg8 44.Kh2 Re2+
45.Kh3 Rd2 46.Nf6 Nxf6 47.Rxf6 Rd3 48.Rh6+ Kg7 49.Rbxb6 Rxa3 50.Rhg6+ Kh7
51.Rxg8 Kxg8 52.Rc6 Rc3 53.h5 Rc1 54.Kh4 c3 55.Kg5 c2 56.g4 Ra1 57.Rxc2 Ra5+
58.Kh4 Ra7 59.h6 Kh7 60.Kh5 Ra5+ 61.g5 Rb5 62.Rf2 Ra5 63.Rf7+ Kg8 64.Re7 Rb5
65.Kg6 Rb6+ 66.Kf5 Ra6 67.g6 Ra5+ 68.Kf6 Ra6+ 69.Re6 Ra8 70.Re5 Ra6+ 71.Kg5 Ra8
72.h7+  1-0

[Event "Wch U20"]
[Site "Halle"]
[Date "1995.??.??"]
[Round "10"]
[White "Berezin, Oleg"]
[Black "Wallace, John Paul"]
[Result "1/2-1/2"]
[WhiteElo "2265"]
[BlackElo "2405"]

1.d4 Nf6 2.c4 g6 3.Nc3 Bg7 4.e4 d6 5.Be2 O-O 6.Nf3 e5 7.Be3 h6 8.O-O Ng4
9.Bc1 Nc6 10.d5 Ne7 11.Ne1 f5 12.f3 Nf6 13.Nd3 f4 14.b4 h5 15.c5 g5 16.Nf2 Rf7
17.Bd2 Bf8 18.Rc1 Ng6 19.cxd6 cxd6 20.a4 Rg7 21.Kh1 Nh4 22.Rg1 a6 23.g3 Ng6
24.a5 b5 25.axb6 Qxb6 26.Nd3 Bd7 27.Be1 fxg3 28.hxg3 Re8 29.Bf2 Qd8 30.b5 axb5
31.Nb4 g4 32.Nc6 Qc8 33.Rg2 gxf3 34.Bxf3 Bh3 35.Rh2 Ng4 36.Nxb5 Qd7 37.Ra1 Nxh2
38.Kxh2 Bg4 39.Ra7 Qc8 40.Bxg4 hxg4 41.Qa4 Rb7 42.Qa6 Rh7+ 43.Kg2 Qxa6 44.Rxa6 Rb7
45.Bb6 Rc8 46.Kf2 Nh8 47.Na3 Nf7 48.Nc4 Ng5 49.Nd2 Nf3 50.Nxf3 Rf7 51.Ra3 gxf3
52.Rxf3 Ra8 53.Rxf7 Kxf7 54.Nd8+ Kg6 55.Kf3 Rb8 56.Bc7 Rb3+ 57.Kf2 Kh5 58.Ne6 Be7
59.Ng7+ Kg4 60.Nf5 Rf3+ 61.Ke2 Rxf5 62.exf5 Kxf5 63.Kd3 e4+ 64.Kd4 Bf6+ 65.Ke3  1/2-1/2

[Event "Wch U20 Girls"]
[Site "Halle"]
[Date "1995.??.??"]
[Round "12"]
[White "Kadimova, Ilaha"]
[Black "Fierro Baquero, Martha Lorena"]
[Result "1-0"]
[WhiteElo "2305"]
[BlackElo "2115"]

1.d4 Nf6 2.c4 g6 3.Nc3 Bg7 4.e4 d6 5.Be2 O-O 6.Nf3 e5 7.Be3 Ng4 8.Bg5 f6
9.Bh4 g5 10.Bg3 Nh6 11.dxe5 dxe5 12.c5 Qxd1+ 13.Rxd1 c6 14.Bc4+ Nf7 15.Nd2 Nd7
16.Nb3 Re8 17.f3 Nf8 18.Bf2 Be6 19.Bxe6 Rxe6 20.O-O Re7 21.Na5 Rd8 22.b4 Red7
23.b5 cxb5 24.Rxd7 Rxd7 25.Nxb5 a6 26.Nc3 Nd8 27.Nd5 Nfe6 28.Rb1 Kf7 29.Nc4 Kg6
30.Rd1 Rf7 31.Nd6 Rd7 32.Nf5 Kf7 33.Nd6+ Kg6 34.Nc8 Nf8 35.Rb1 Nfe6 36.Rd1 Nf8
37.g3 Nde6 38.Kg2 h5 39.a4 Bh6 40.Rb1 Nd8 41.Rb6 Nfe6 42.Nce7+ Kf7 43.c6 bxc6
44.Nxc6 Nxc6 45.Rxc6 a5 46.Ra6 g4 47.fxg4 hxg4 48.Rxa5 Bd2 49.Ra6 Rb7 50.Rb6 Rd7
51.Kf1 Ng5 52.Nxf6 Ra7 53.Ke2 Rxa4 54.Nd7 Ke7 55.Nc5 Kd8 56.Rf6 Kc7 57.Kxd2 Nxe4+  1-0

[Event "Wch U20"]
[Site "Halle"]
[Date "1995.??.??"]
[Round "12"]
[White "Naumann, Alexander"]
[Black "Hagesaether, Paal Vegard"]
[Result "1/2-1/2"]
[WhiteElo "2360"]
[BlackElo "2155"]

1.d4 Nf6 2.Nf3 g6 3.c4 Bg7 4.Nc3 O-O 5.e4 d6 6.Be2 e5 7.d5 a5 8.h3 Na6 9.Bg5 h6
10.Be3 Nc5 11.Nd2 Nh7 12.h4 f5 13.h5 Qf6 14.Nf1 Ng5 15.exf5 gxf5 16.f3 b6
17.Nd2 Bd7 18.Qc2 a4 19.a3 f4 20.Bxc5 bxc5 21.Nde4 Qe7 22.O-O-O Kh8 23.Bd3 Bf6
24.Kb1 Rg8 25.Ka2 Nf7 26.Rhg1 Bh4 27.Ne2 Ng5 28.N2c3 Nxe4 29.Bxe4 Be8 30.Bg6 Bd7
31.Ne4 Rab8 32.Qd2 Rb3 33.Nc3 Rbb8 34.Rb1 Ra8 35.Ne4 Rab8 36.Rh1 Bg5 37.Nc3 Rb7
38.Bc2 Ra8 39.Qd3 Rbb8 40.Qd1 Qe8 41.Bg6 Qc8 42.Bc2 Qe8 43.Qe2 Qe7 44.Rhg1 Be8
45.Rh1 Bd7 46.Qd3 Rg8 47.Rbe1 Rg7 48.Re2 Qe8 49.Qd1 Rg8 50.Bg6 Qe7 51.Qd3 Rgb8
52.Rb1 Rb7 53.Qd1 Qd8 54.Bc2 Qe8 55.Qd3 Qe7 56.Ne4 Rg8  1/2-1/2

[Event "Wch U20 Girls"]
[Site "Halle"]
[Date "1995.??.??"]
[Round "13"]
[White "Tuvshintugs, Bayarcec"]
[Black "Kiseleva, Natalia"]
[Result "0-1"]
[WhiteElo "2035"]
[BlackElo "2260"]

1.Nf3 g6 2.c4 Bg7 3.d4 Nf6 4.Nc3 O-O 5.e4 d6 6.Be2 e5 7.Be3 Ng4 8.Bg5 f6
9.Bh4 g5 10.Bg3 Nh6 11.dxe5 dxe5 12.O-O Be6 13.Qxd8 Rxd8 14.Rfd1 Nc6 15.Nd5 Rd7
16.h3 Rad8 17.a3 Nf7 18.b4 Nb8 19.Nc3 Rxd1+ 20.Rxd1 Rxd1+ 21.Nxd1 Bf8 22.Nc3 c6
23.h4 h6 24.hxg5 hxg5 25.Ne1 Nd6 26.c5 Nc4 27.Nc2 a5 28.f3 Na6 29.Nb1 axb4
30.axb4 Nxb4  0-1

[Event "Wichern op"]
[Site "Hamburg"]
[Date "1995.??.??"]
[Round "3"]
[White "Chuchelov, Vladimir"]
[Black "Kersten, Uwe"]
[Result "1-0"]
[WhiteElo "2550"]
[BlackElo "2320"]

1.d4 Nf6 2.Nf3 g6 3.c4 Bg7 4.Nc3 O-O 5.e4 d6 6.Be2 e5 7.O-O Na6 8.Be3 Qe8
9.dxe5 dxe5 10.h3 Nd7 11.a3 Nac5 12.b4 Ne6 13.c5 Kh8 14.Bc4 Bf6 15.Nd5 Bd8
16.Bh6 Rg8 17.Bc1 c6 18.Ne3 Bc7 19.Bb2 Qe7 20.Qb3 Re8 21.Rfd1 f6 22.Rac1 a5
23.Bf1 axb4 24.axb4 b6 25.cxb6 Nxb6 26.Rxc6 Bb7 27.Bb5 Bxc6 28.Bxc6 Rad8
29.Bxe8 Rxd1+ 30.Qxd1 Qxe8 31.Qb3 Nf4 32.h4 Qd7 33.g3 Ne6 34.Nd5 Bd8 35.b5 Nxd5
36.exd5 Nc7 37.b6 Nb5 38.Nxe5 fxe5 39.Bxe5+ Kg8 40.d6+ Kf8 41.Qf3+ Ke8 42.b7 Nd4
43.Bxd4 Qxd6 44.Qe4+  1-0

[Event "Wichern op"]
[Site "Hamburg"]
[Date "1995.??.??"]
[Round "4"]
[White "Ftacnik, Lubomir"]
[Black "Kovalev, Andrei"]
[Result "1-0"]
[WhiteElo "2580"]
[BlackElo "2505"]

1.d4 d6 2.Nf3 Nf6 3.c4 g6 4.Nc3 Bg7 5.e4 O-O 6.Be2 e5 7.O-O Na6 8.Be3 Ng4
9.Bg5 Qe8 10.dxe5 dxe5 11.h3 Nf6 12.Be3 Qe7 13.Nd5 Qd8 14.Qc2 c6 15.Nxf6+ Bxf6
16.a3 Qe7 17.b4 c5 18.Qb2 cxb4 19.axb4 Nxb4 20.Bxa7 Be6 21.Ra5 Rac8 22.Rc1 Rfd8
23.Rb5 Nd3 24.Bxd3 Rxd3 25.Rxb7 Rd7 26.Rxd7 Qxd7 27.Bb8 Rxc4 28.Rxc4 Bxc4
29.Bxe5 Qd1+ 30.Kh2 Qd6 31.g3 Bxe5 32.Qxe5 Qxe5 33.Nxe5 Bb5 34.Ng4 Kf8 35.Nf6 h5
36.Kg2 Bc6 37.Kf3 Ke7 38.Nd5+ Ke6 39.Nb4 Bb7 40.Kf4 f6 41.h4 Ba8 42.Nd3 Bc6
43.e5 fxe5+ 44.Nxe5 Be8 45.Nf3 Ba4 46.Kg5 Bd1 47.Ne1 Kf7 48.f4 Bg4 49.Nc2 Bd1
50.Ne3 Bf3 51.f5 gxf5 52.Nxf5 Bd1 53.Nd6+  1-0

[Event "Wichern op"]
[Site "Hamburg"]
[Date "1995.??.??"]
[Round "4"]
[White "Giorgadze, Giorgi"]
[Black "Gallagher, Joseph G"]
[Result "1/2-1/2"]
[WhiteElo "2605"]
[BlackElo "2515"]

1.d4 Nf6 2.c4 g6 3.Nc3 Bg7 4.e4 d6 5.Nf3 O-O 6.Be2 e5 7.Be3 Ng4 8.Bg5 f6
9.Bh4 Nc6 10.d5 Ne7 11.Nd2 Nh6 12.f3 c5 13.h3 g5 14.Bf2 f5 15.g4 fxg4 16.hxg4 Ng6
17.Qc2 Nf4 18.Bf1 Bd7 19.Nd1 a6 20.Ne3 Qa5 21.Kd1 Rae8 22.Be1 Qd8 23.Rb1 b5
24.Nf5 Qf6 25.Bf2  1/2-1/2

[Event "Wichern op"]
[Site "Hamburg"]
[Date "1995.??.??"]
[Round "6"]
[White "Ftacnik, Lubomir"]
[Black "Kempinski, Robert"]
[Result "1/2-1/2"]
[WhiteElo "2580"]
[BlackElo "2455"]

1.d4 Nf6 2.Nf3 g6 3.c4 Bg7 4.Nc3 O-O 5.e4 d6 6.Be2 e5 7.O-O Na6 8.Be3 Ng4
9.Bg5 Qe8 10.dxe5 h6 11.Bd2 Nxe5 12.Be3 Be6 13.Nd2 Qd7 14.Nd5 f5 15.exf5 Bxf5
16.Nb3 c6 17.Nf4 c5 18.Bd2 Nc7 19.Bc3 Rad8 20.Nd5 Nxd5 21.cxd5 b5 22.a3 Nc4
23.Qc1 Rde8 24.Re1 Qf7 25.Nd2 Bd3 26.Bxd3 Bxc3 27.Rxe8 Qxf2+ 28.Kh1 Rxe8
29.bxc3 Nxd2 30.Bxb5 Re5 31.Bd7 Kh7 32.Be6 Re2 33.Qg1 Qf4 34.Re1 Rf2 35.Bh3 h5
36.g3 Qf7 37.Bg2 Nc4 38.Re6 Nxa3 39.Rxd6 Rb2 40.Re6 Rb1 41.Re1 Rxe1 42.Qxe1 Qf6
43.Qe3 Qd6 44.Qd3 c4 45.Qd4 Qe7 46.d6 Qe1+ 47.Qg1 Qd2 48.Qxa7+ Kh6 49.Qd4 Qe1+
50.Qg1 Qd2 51.Qd4  1/2-1/2

[Event "Wichern op"]
[Site "Hamburg"]
[Date "1995.??.??"]
[Round "6"]
[White "Gleizerov, Evgeny"]
[Black "Belov, Igor"]
[Result "1/2-1/2"]
[WhiteElo "2540"]
[BlackElo "2430"]

1.d4 Nf6 2.c4 g6 3.Nc3 Bg7 4.e4 d6 5.Nf3 O-O 6.Be2 e5 7.O-O exd4 8.Nxd4 Re8
9.f3 Nc6 10.Be3 Nh5 11.f4 Nf6 12.Bf3 Bg4 13.Nxc6  1/2-1/2

[Event "Wichern op"]
[Site "Hamburg"]
[Date "1995.??.??"]
[Round "7"]
[White "Blecken, Volker"]
[Black "Mowsziszian, Karen"]
[Result "0-1"]
[WhiteElo "2210"]
[BlackElo "2440"]

1.d4 Nf6 2.Nf3 g6 3.c4 Bg7 4.Nc3 O-O 5.e4 d6 6.Be2 Nbd7 7.O-O e5 8.Re1 c6
9.Bf1 h6 10.Rb1 a5 11.b3 exd4 12.Nxd4 Re8 13.Ba3 Nc5 14.e5 Ng4 15.Nf3 Bf5
16.Rc1 Nxe5 17.Nd4 Bd3 18.Re3 Bxf1 19.Qxf1 f5 20.Rd1 f4 21.Ree1 Ncd3 22.Re2 Qb6
23.c5 Nxc5 24.Ne4 Rad8 25.Nxc5 dxc5 26.Nf3 Nxf3+ 27.gxf3 Rxe2 28.Qxe2 Rxd1+
29.Qxd1 Bd4 30.Qd3 Kg7 31.Qe4 Qc7 32.Bc1 g5 33.Bd2 a4 34.bxa4 Qe5 35.Qb1 Qe2
36.Qxb7+ Kg6 37.Qb1+ Kh5 38.Qe1 Qxf3 39.a5 c4 40.a6 c3 41.Bc1 c2 42.Qf1 g4
43.Qg2 Qd1+ 44.Qf1 g3  0-1

[Event "Wichern op"]
[Site "Hamburg"]
[Date "1995.??.??"]
[Round "8"]
[White "Volke, Karsten"]
[Black "Wegener, Dirk"]
[Result "1-0"]
[WhiteElo "2450"]
[BlackElo "2325"]

1.d4 Nf6 2.c4 g6 3.Nc3 Bg7 4.e4 d6 5.Be2 O-O 6.Nf3 e5 7.d5 Nbd7 8.Bg5 h6
9.Bh4 g5 10.Bg3 Nh5 11.h4 Nxg3 12.fxg3 gxh4 13.Nxh4 Qg5 14.Bg4 h5 15.Bf5 Qxg3+
16.Kf1 Nf6 17.Bxc8 Rfxc8 18.Nf5 Qf4+ 19.Qf3 Kf8 20.Rh4 Qxf3+ 21.gxf3 Bh8
22.a4 a5 23.Ke2 Ke8 24.Rg1 Kd7 25.Nh6 Rf8 26.Nd1 c6 27.Ne3 Kc7 28.Nef5 Ra6
29.Kd3 Rb6 30.Kc2 Rb4 31.b3 b5 32.axb5 cxb5 33.cxb5 Rxb5 34.Ra1 Kd7 35.Ne3 Bg7
36.Nhf5 Rc8+ 37.Nc4 Bf8 38.Rhh1 Be7 39.Rhg1 Bf8 40.Ra4 Nh7 41.Rg8 f6 42.Nxd6 Bxd6
43.Rxc8 Ng5 44.Rc6 Be7 45.Nb6+ Ke8 46.Nc8 Nxf3 47.Rc7 Bc5 48.Na7 Bxa7 49.Rxa7 Nd4+
50.Kd3 Nxb3 51.Kc4 Rb6 52.Ra3 Rb4+ 53.Kc3 Nd4 54.R3xa5  1-0

[Event "Hania op"]
[Site "Hania"]
[Date "1995.??.??"]
[Round "4"]
[White "Pountzas, Hrisanthos"]
[Black "Banikas, Hristos"]
[Result "0-1"]
[WhiteElo "2275"]
[BlackElo "2375"]

1.c4 g6 2.e4 Bg7 3.d4 d6 4.Nc3 Nf6 5.Be2 O-O 6.Nf3 e5 7.Be3 h6 8.dxe5 Ng4
9.Bc1 Nxe5 10.Nxe5 dxe5 11.Be3 Be6 12.Qb3 Qc8 13.O-O Nc6 14.Rad1 Nd4 15.Bxd4 exd4
16.Nd5 Re8 17.Rfe1 Bd7 18.Bf1 c6 19.Nf4 Qc7 20.g3 Qb6 21.Bh3 Bxh3 22.Nxh3 Qc7
23.Nf4 Re7 24.Re2 Rae8 25.Qf3 Qa5 26.b3 Qc3 27.Rd3 Qc1+ 28.Kg2 h5 29.h4 a6
30.Kh2 b5 31.cxb5 axb5 32.b4 Qc4 33.a3 Bh6 34.Kg2 Bg7 35.Rd1 Ra7 36.Red2 Ra6
37.Rd3 c5 38.Nd5 cxb4 39.axb4 Rae6 40.Ra3 Rxe4 41.Nf6+ Bxf6 42.Qxf6 Qd5 43.Kh2 Re1
44.Rxe1 Rxe1 45.Rf3 d3  0-1

[Event "Hania op"]
[Site "Hania"]
[Date "1995.??.??"]
[Round "4"]
[White "Lirindzakis, Timotheos"]
[Black "Skiadas, H."]
[Result "1-0"]
[WhiteElo "2395"]
[BlackElo "2205"]

1.d4 Nf6 2.c4 g6 3.Nc3 Bg7 4.e4 d6 5.Nf3 O-O 6.Be2 e5 7.Be3 exd4 8.Nxd4 Re8
9.f3 c6 10.Qd2 Nbd7 11.Rd1 Ne5 12.O-O Qc7 13.Kh1 Bd7 14.Bg5 Qb6 15.f4 Neg4
16.Bf3 Nh5 17.Nce2 Qc5 18.b3 Nhf6 19.Nc3 h6 20.Bh4 Nh7 21.Nc2 Qh5 22.Bg3 Qa5
23.e5 Rad8 24.Ne4 Qxd2 25.Rxd2 dxe5 26.Rfd1 exf4 27.Bxf4 Ngf6 28.Nc5 Nf8
29.Nxb7 Ra8 30.Nc5 Bg4 31.Bxg4 Nxg4 32.h3 Nf6 33.Nd4 Ne4 34.Nxe4 Rxe4 35.Bg3 Rc8
36.Nf3 f5 37.Bf2 a6 38.Kg1 Bf6 39.Rd6 Be7 40.R6d4 Re2 41.R4d2 Rxd2 42.Rxd2 Bf6
43.Bd4 Kf7 44.Bxf6 Kxf6 45.Rd6+ Ne6 46.c5 Ke7 47.Ne5 Nxc5 48.Rxg6 Ne6 49.Rxh6 c5
50.Rh7+ Kf6 51.Nc4 Kg5 52.Kf2 Nf4 53.h4+ Kg6 54.Ra7 Nd3+ 55.Ke2 Nb4 56.a3 Nc6
57.Rxa6 Kh5 58.Kf2  1-0

[Event "Hania op"]
[Site "Hania"]
[Date "1995.??.??"]
[Round "6"]
[White "Grivas, Efstratios"]
[Black "Banikas, Hristos"]
[Result "0-1"]
[WhiteElo "2495"]
[BlackElo "2375"]

1.d4 Nf6 2.c4 g6 3.Nc3 Bg7 4.e4 d6 5.Nf3 Nbd7 6.Be2 O-O 7.O-O e5 8.Qc2 c6
9.Rd1 Qe7 10.d5 a5 11.Rb1 Nc5 12.Nd2 Bd7 13.b4 axb4 14.Rxb4 Rfc8 15.Qb1 Be8
16.Nf1 cxd5 17.cxd5 Na4 18.Nxa4 Bxa4 19.Rd2 Bh6 20.Ne3 Bxe3 21.fxe3 Qc7 22.Rc4 Qa5
23.Qxb7 Rxc4 24.Bxc4 Nxe4 25.Rb2 Qe1+ 26.Bf1 Rf8  0-1

[Event "Harkany op "]
[Site "Harkany"]
[Date "1995.??.??"]
[Round "?"]
[White "Kincs, Imre"]
[Black "Horvath, Adam"]
[Result "1-0"]
[WhiteElo "2215"]
[BlackElo "2235"]

1.d4 Nf6 2.c4 g6 3.Nc3 Bg7 4.e4 d6 5.Be2 O-O 6.Nf3 e5 7.d5 Nbd7 8.O-O Ne8
9.Bg5 f6 10.Bh4 Rf7 11.Nd2 Nf8 12.f3 Bh6 13.Kh1 Qd7 14.Qc2 f5 15.b4 g5 16.Bf2 f4
17.c5 Nf6 18.Rfc1 g4 19.cxd6 g3 20.Bg1 Rg7 21.h3 Nh5 22.Bf1 Qd8 23.dxc7 Qg5
24.Nc4 Ng6 25.Nd6 Bxh3 26.gxh3 g2+ 27.Bxg2 Nh4 28.Ncb5 Qxg2+ 29.Qxg2 Rxg2
30.c8=Q+ Rxc8 31.Rxc8+ Bf8 32.Nf5 Ng3+ 33.Nxg3 fxg3 34.Rac1 Rd2 35.R8c2 Bh6
36.Rxd2 Bxd2 37.Rc8+ Kg7 38.Bxa7 Be1 39.Rc3 Kg6 40.Bb6  1-0

[Event "Hastings Masters"]
[Site "Hastings"]
[Date "1995.??.??"]
[Round "5"]
[White "Sahetchian, Armand"]
[Black "Mah, Karl"]
[Result "0-1"]
[WhiteElo "2145"]
[BlackElo "2200"]

1.d4 Nf6 2.c4 g6 3.Nc3 Bg7 4.e4 d6 5.Be2 O-O 6.Nf3 e5 7.Bg5 h6 8.Bh4 Nbd7
9.O-O g5 10.Bg3 Nh5 11.dxe5 Nxg3 12.hxg3 dxe5 13.Qc2 c6 14.b4 Qc7 15.c5 Re8
16.Nd2 Nf8 17.Nc4 Ne6 18.Nd6 Rd8 19.Bc4 b5 20.Bxe6 Bxe6 21.a4 Bf8 22.Nf5 a6
23.Ne3 Rab8 24.axb5 axb5 25.Ne2 Rd7 26.f4 Rbd8 27.Rad1 Rxd1 28.Nxd1 exf4
29.gxf4 gxf4 30.Nxf4 Bg7 31.Nxe6 fxe6 32.Nf2 Qg3 33.Qa2 Qg6 34.Qe2 Bd4 35.Kh1 Rf8
36.Nh3 Rxf1+ 37.Qxf1 Qxe4 38.Nf4 Be5 39.Nh3 Bc3 40.Kh2 Qe5+ 41.g3 Qe1 42.Qf3 Qd2+
43.Kh1 Qd5  0-1

[Event "Helsinki"]
[Site "Helsinki"]
[Date "1995.??.??"]
[Round "?"]
[White "Pyhala, Antti"]
[Black "Yrjola, Jouni"]
[Result "0-1"]
[WhiteElo "2350"]
[BlackElo "2440"]

1.d4 Nf6 2.c4 g6 3.Nc3 Bg7 4.e4 O-O 5.Nf3 d6 6.Be2 e5 7.dxe5 dxe5 8.Qxd8 Rxd8
9.Bg5 c6 10.Nxe5 Re8 11.O-O-O Na6 12.Nd3 Nxe4 13.Nxe4 Rxe4 14.Nf4 Be5 15.Rd8+ Kg7
16.Nd3 Rxe2 17.Nxe5 Rxe5 18.Bd2 f6 19.Bc3 Re2 20.g4 Nc7 21.g5 Bf5 22.gxf6+ Kf7
23.Rxa8 Nxa8 24.f4 Nb6 25.Kd1 Re4 26.b3 Nd7  0-1

[Event "Helsinki"]
[Site "Helsinki"]
[Date "1995.??.??"]
[Round "?"]
[White "Lampen, Timo"]
[Black "Sammalvuo, Tapani"]
[Result "1/2-1/2"]
[WhiteElo "2210"]
[BlackElo "2390"]

1.d4 Nf6 2.c4 g6 3.Nc3 Bg7 4.e4 d6 5.Nf3 O-O 6.Be2 e5 7.O-O Na6 8.Be3 Ng4
9.Bg5 Qe8 10.dxe5 h6 11.Bd2 dxe5 12.h3 Nf6 13.Be3  1/2-1/2

[Event "Helsinki EtVaS op"]
[Site "Helsinki"]
[Date "1995.??.??"]
[Round "?"]
[White "Niemela, Antti"]
[Black "Alava, Mikko"]
[Result "1/2-1/2"]
[WhiteElo "2190"]
[BlackElo "2255"]

1.d4 Nf6 2.c4 g6 3.Nc3 Bg7 4.e4 d6 5.Be2 O-O 6.Nf3 e5 7.O-O Na6 8.Be3 Qe8
9.h3 b6 10.dxe5 dxe5 11.c5 Nxc5 12.Bxc5 bxc5 13.Nd5 Nxd5 14.Qxd5 Rb8 15.b3 Bb7
16.Qc4 Qc6 17.Bd3 Ba8 18.Rac1 Rb4 19.Qxc5 Qxc5 20.Rxc5 Bxe4 21.Bxe4 Rxe4
22.Rxc7 Re2 23.Rxa7 e4 24.Nh2 Rd8 25.Ng4 h5 26.Ne3 Bd4 27.Re7 Bxe3 28.fxe3 Rdd2
29.Rfxf7 Rxg2+ 30.Kf1 Rh2 31.Rg7+ Kh8  1/2-1/2

[Event "Hillerod Politiken"]
[Site "Hillerod"]
[Date "1995.??.??"]
[Round "5"]
[White "Ahlander, Bjorn"]
[Black "Borge, Nikolaj"]
[Result "1-0"]
[WhiteElo "2400"]
[BlackElo "2405"]

1.d4 Nf6 2.c4 g6 3.Nc3 Bg7 4.e4 d6 5.Nf3 O-O 6.Be2 e5 7.dxe5 dxe5 8.Qxd8 Rxd8
9.Nd5 Nxd5 10.cxd5 c6 11.Bg5 Re8 12.Bc4 cxd5 13.Bxd5 Na6 14.O-O-O Nc7 15.Bb3 Be6
16.Bxe6 Nxe6 17.Be3 Nd4 18.Nd2 Rec8+ 19.Kb1 Nc2 20.Bg5 h6 21.Bh4 f5 22.exf5 gxf5
23.Rc1 Nb4 24.g4 fxg4 25.Rcg1 h5 26.a3 Nd3 27.h3 Rf8 28.hxg4 hxg4 29.Rxg4 Nxf2
30.Bxf2 Rxf2 31.Rhg1 Rf7 32.Ne4 Rd8 33.Nf6+ Kf8 34.Nh7+ Kg8 35.Ng5 Re7 36.Ne4 Rf8
37.Rg6 Kh7 38.R6g2 Bh6 39.Rh1 Rg7 40.Ng5+ Rxg5 41.Rxg5 Re8 42.Rhh5 e4 43.Re5 Rxe5
44.Rxe5 e3 45.Kc2 Kg6 46.Re6+ Kg7 47.Kd3 Bg5 48.Rd6  1-0

[Event "Hofheim MT"]
[Site "Hofheim"]
[Date "1995.??.??"]
[Round "11"]
[White "Majer, Damir"]
[Black "Heck, Norbert"]
[Result "0-1"]
[WhiteElo "2285"]
[BlackElo "2315"]

1.Nf3 g6 2.d4 Bg7 3.c4 d6 4.Nc3 Nf6 5.e4 O-O 6.Be2 e5 7.Be3 Nbd7 8.d5 Ng4
9.Bg5 f6 10.Bh4 h5 11.Nd2 Nh6 12.f3 a5 13.a3 Nc5 14.b3 Bd7 15.Rb1 Nf7 16.O-O Bh6
17.Bf2 f5 18.Qc2 Qg5 19.Rfd1 h4 20.b4 axb4 21.axb4 Na4 22.c5 Nxc3 23.Qxc3 Ra2
24.Rb2 Rfa8 25.Bc4 h3 26.g3 Rxb2 27.Qxb2 Ba4 28.Bb3 Bb5 29.Nc4 Qh5 30.Qe2 Ra3
31.g4 Qg5 32.Qb2 Ra8 33.exf5 gxf5 34.Be3 f4 35.Bf2 e4 36.Qe2 Ra3 37.cxd6 Nxd6
38.Qc2 Bxc4 39.Bxc4 Rxf3 40.Kh1 Rxf2 41.Qxf2 Nxc4 42.Qc5 Nd6 43.Qxc7 Bf8
44.Qd7 Qe5 45.g5 e3 46.Qxh3 e2 47.Re1 Qxd5+ 48.Kg1 f3 49.g6 Bg7 50.Kf2 Bd4+
51.Kg3 Ne4+  0-1

[Event "EU-ch U20"]
[Site "Holon"]
[Date "1995.??.??"]
[Round "7"]
[White "Murdzia, Piotr"]
[Black "Vouldis, Angelos"]
[Result "1-0"]
[WhiteElo "2425"]
[BlackElo "2425"]

1.d4 Nf6 2.c4 g6 3.Nc3 Bg7 4.e4 d6 5.Nf3 Nbd7 6.Be2 e5 7.O-O O-O 8.Re1 c6
9.Bf1 exd4 10.Nxd4 Re8 11.Rb1 Ng4 12.h3 Qb6 13.hxg4 Qxd4 14.Be3 Qe5 15.Qd2 Qe7
16.Rbd1 Be5 17.g5 Nc5 18.b4 Bxc3 19.Qxc3 Nxe4 20.Qc1 Be6 21.Bd4 f5 22.gxf6 Nxf6
23.Rd3 Ng4 24.f3 Ne5 25.Rde3 Qh4 26.Bb2 Rf8 27.c5 Bd5 28.cxd6 Rxf3 29.Bxe5 Qf2+
30.Kh1 Rf5 31.Bh2 Raf8 32.Qc3 Rh5 33.Re8 Qf4 34.Rxf8+ Kxf8 35.Qh8+ Bg8 36.Qe5 Rxh2+
37.Kg1 Qxe5 38.Rxe5 Rh4 39.d7  1-0

[Event "HUN-chT2 9495"]
[Site "HUN"]
[Date "1995.??.??"]
[Round "?"]
[White "Orso, Janos"]
[Black "Klemanic, Emil"]
[Result "0-1"]
[WhiteElo "2295"]
[BlackElo "2220"]

1.d4 Nf6 2.c4 d6 3.Nc3 e5 4.Nf3 Nbd7 5.e4 g6 6.Be2 Bg7 7.O-O O-O 8.d5 Nc5
9.Nd2 Bh6 10.Qc2 a5 11.Nb3 Bxc1 12.Raxc1 Nxb3 13.Qxb3 Nd7 14.Na4 b6 15.Qg3 Qe7
16.h4 Kh8 17.h5 gxh5 18.Bxh5 Nf6 19.Bf3 Rg8 20.Qh2 Rg6 21.Nc3 Bg4 22.Bd1 Bxd1
23.Rfxd1 Ng4 24.Qh3 Rag8 25.g3 Rh6 26.Qg2 Rh2 27.Qxh2 Nxh2 28.Kxh2 Rg6 29.Kg2 Kg7
30.Rh1 Qg5 31.Rce1 Qd2 32.Nd1 Rh6 33.Rhf1 Rf6 34.Ne3 Rxf2+ 35.Rxf2 Qxe1 36.Kf3 Qh1+
37.Rg2 Kg6 38.b3 Kg5 39.Kf2 Qb1 40.Kf3 h5 41.Re2 Qd3 42.Re1 f6 43.Re2 Qb1
44.Rc2 Qh1+ 45.Rg2 Kg6 46.Kf2 Kf7 47.Kf3 h4 48.gxh4 Qxh4 49.Rg7+ Kf8 50.Rg4 Qh2
51.Ng2 Qh1 52.Rh4 Qf1+ 53.Kg3 Qd3+ 54.Kh2 Qc2 55.Rh7 Qxa2 56.Rxc7 Qxb3 57.Rc6 Ke7
58.Rc7+ Kd8 59.Rf7 Qxc4 60.Rxf6 Ke7 61.Re6+ Kd7 62.Nh4 Qxe4 63.Ng6 Qxd5 64.Re7+ Kc6
65.Rg7 Qd2+ 66.Kg3 a4 67.Kf3 a3 68.Ne7+ Kb5 69.Rg2 Qxg2+  0-1